000 00989nam a2200205Ia 4500
003 Ost
005 20260507075257.0
008 260507s9999||||xx |||||||||||||| ||und||
040 _cfsecg
041 _aara
082 _a330
100 _aعوض الله، زينب حسين
_eمؤلف
245 0 _aأساسيات المالية العامة /
_c زينب حسين عوض الله
260 _aالاسكندرية:
_bالجامعة الجديدة,
_c2006
300 _a318 صفحة؛
_c24 سم
520 _aمضمون النفقات العامة وحجم هذه النفقات و الآثار الاقتصادية لها ، الايرادات الاقتصادية و الايرادات السيادية و الايرادات الائتمانية أو القروض العامة ، الميزانية العامة للدولة و القواعد الفنية لهذه الميزانية .
653 _aالمالية
653 _aالمالية العامة
942 _cكتاب
999 _c43764
_d43764